000 03079cam a2200349Li 4500
003 BJBSDDR
005 20260317123214.0
007 ta
008 260317s2016 sp 000 j spa d
020 _a9788497592420
020 _a8497592425
035 _a(OCoLC)ocn468156090
035 _a(OCoLC)468156090
040 _aBDF
_bspa
_cBDF
041 _aspa
049 _aGRAL
050 1 4 _aPQ 8180.17
_bG216d 2016
082 0 0 _a863
100 1 _aGarcía Márquez, Gabriel,
_d1927-2014
_9865
245 1 0 _aDel amor y otros demonios /
_cGabriel García Márquez.
260 _aBarcelona :
_bPenguin Random House Grupo Editorial,
_c2016
300 _a168 páginas ;
_c19 cm.
490 1 _aContemporanea
520 _aLa obra se inicia cuando Sierva María de Todos los Ángeles, hija del Marqués de Casalduero, es mordida por un perro con rabia. Días después del incidente, se lo comunicaron a su madre, pero como la herida había cicatrizado no le prestó importancia. Un mes después una esclava fue a visitar al Marqués para decirle de la peste de rabia que había y que su hija había sido mordida por un perro con rabia pero el marqués no la creía, porque estaría seguro de que si fuese así, él sería el primero en saberlo. Su esposa le confirmó el hecho, por lo que el marqués quería dar a su hija todo lo que no le había dado antes porque estaba enferma y pronto moriría. La niña enfermó y sufrió muchas fiebres, por lo que se pensó que estaba poseída por un demonio y el obispo recomendó llevarla al convento de Santa Clara para que fuera exorcizada. La niña fue llevada al convento, donde no fue muy bien recibida. La abadesa era una mujer de muy mal carácter y se quejaba constantemente de que le hubieran llevado a ese demonio. El obispo encargó a su hombre de confianza, el padre Cayetano Delaura, que se hiciera cargo de los exorcismos de la niña, pero terminó obsesionado con ella y el obispo lo encontró acariciando extasiado las prendas de Sierva María, por lo que le retiró el cargo y lo mandó a cuidar leprosos. A pesar de eso, Sierva María y Cayetano se veían todas las noches a escondidas en el convento y se enamoraron locamente envueltos en un éxtasis indescriptible.Un día, Cayetano iba a cruzar la cerca para ver a Sierva María cuando fue rodeado por muchas monjas, que lo descubrieron y lo mandaron al hospital a cuidar leprosos el resto de su vida. Sierva María nunca supo por qué Cayetano nunca volvió y fue exorcizada por el obispo, quien le cortó su larga cabellera y la mantuvo encerrada porque los indicios de posesión demoníaca no hicieron sino aumentar. Sierva María dejó de comer y murió, siempre preguntándose por qué Cayetano nunca regresó. Una guardiana la encontró muerta en su cama y se veía como el cabello le brotaba.
586 _aPremio Nobel de Literatura
650 4 _aLiteratura colombiana
_9869
650 4 _aCuentos colombianos
_912503
650 4 _aNovela colombiana
_9870
830 0 _aContemporánea (Debolsillo)
_910817
942 _2lcc
_cBK
946 _irmza
999 _c126608
_d126608